| 000 | 00978cam a2200289 a 4500 | ||
|---|---|---|---|
| 001 | 3995981 | ||
| 003 | OSt | ||
| 005 | 20110722113924.0 | ||
| 008 | 960524s1995 ug f000 0 eng | ||
| 010 | _a 95982790 | ||
| 040 |
_aDLC _cDLC _dDLC |
||
| 042 | _alcode | ||
| 043 | _af-ug--- | ||
| 050 | 0 | 0 |
_aKTW171.A31995 _bA6 1995 |
| 082 | 0 | 0 |
_a342.6761023 _a346.7610223 _220 |
| 110 | 1 |
_aUganda. _9554 |
|
| 240 | 1 | 0 | _aConstitution (1995) |
| 245 | 1 | 0 |
_aConstitution of the Republic of Uganda / _cRepublic of Uganda. |
| 260 |
_aEntebbe [Uganda] : _bUganda Print. and Pub. Corp., _c1995. |
||
| 300 |
_axviii, 196 p. ; _c21 cm. |
||
| 500 | _aCover title. | ||
| 650 | 0 |
_aConstitutions _zUganda. _9591 |
|
| 906 |
_a7 _bcbc _corigode _d2 _encip _f19 _gy-gencatlg |
||
| 942 |
_2ddc _cBK |
||
| 999 |
_c200 _d200 |
||